Statistics for 三菱UFJ銀行の支店・出張所・営業部名

Click here to take the quiz!

General Stats

  • This quiz has been taken 40 times
  • The average score is 148 of 698

Answer Stats

管轄支店営業所番号店舗名% Correct
北海道637札幌支店
94%
宮城県314仙台支店
94%
茨城県310水戸支店
88%
三重県531津支店
84%
愛知県208東支店
81%
埼玉県669浦和支店
78%
埼玉県384大宮支店
78%
千葉県270千葉支店
78%
岐阜県550岐阜支店
75%
静岡県363静岡支店
72%
静岡県468沼津支店
72%
石川県507金沢支店
72%
千葉県271船橋支店
72%
埼玉県630春日部支店
72%
愛知県740岡崎支店
69%
新潟県426新潟支店
69%
埼玉県382川越支店
69%
千葉県454柏支店
69%
岡山県741岡山支店
69%
静岡県563浜松支店
69%
東京都341新宿支店
69%
三重県012伊勢支店
69%
愛知県301一宮支店
66%
愛知県404豊田支店
66%
千葉県619市川支店
66%
愛知県461豊橋支店
66%
神奈川県480横浜支店
66%
三重県534四日市支店
66%
和歌山県497和歌山支店
66%
茨城県605土浦支店
66%
広島県511広島支店
66%
岐阜県793大垣支店
66%
大阪府202堺支店
66%
京都府431京都支店
66%
埼玉県291草加支店
63%
神奈川県253川崎支店
63%
兵庫県581神戸支店
63%
千葉県277津田沼支店
63%
埼玉県295所沢支店
63%
香川県488高松支店
63%
千葉県386松戸支店
63%
東京都135渋谷支店
63%
奈良県719奈良支店
63%
東京都020日本橋支店
59%
三重県536桑名支店
59%
静岡県428三島支店
59%
愛知県411刈谷支店
59%
東京都359池袋支店
59%
大阪府059野田支店
59%
兵庫県477伊丹支店
59%
広島県602福山支店
59%
徳島県546徳島支店
59%
福岡県650北九州支店
59%
福岡県652福岡支店
59%
長崎県654長崎支店
59%
東京都895板橋支店
59%
熊本県655熊本支店
59%
千葉県361浦安支店
59%
埼玉県381越谷支店
59%
愛知県288金山支店
56%
神奈川県621鶴見支店
56%
埼玉県293上尾支店
56%
東京都023京橋支店
56%
兵庫県496姫路支店
56%
東京都331神田支店
56%
滋賀県452草津支店
56%
東京都459練馬支店
56%
東京都367八王子支店
56%
東京都337上野支店
56%
東京都222三鷹支店
56%
東京都680目黒支店
56%
愛知県405熱田支店
53%
千葉県671木更津支店
53%
神奈川県390大船支店
53%
神奈川県257藤沢支店
53%
東京都505和光支店
53%
東京都151中野支店
53%
東京都227立川支店
53%
東京都433新橋支店
53%
東京都557国分寺支店
53%
東京都228町田支店
53%
愛知県413安城支店
53%
京都府508伏見支店
53%
兵庫県495明石支店
53%
大阪府229高槻支店
53%
埼玉県383蕨支店
53%
兵庫県472尼崎支店
53%
三重県532松阪支店
53%
大阪府044梅田支店
53%
東京都626秋葉原支店
53%
大阪府035難波支店
50%
大阪府201東大阪支店
50%
大阪府651枚方支店
50%
東京都117蒲田支店
50%
東京都180日暮里支店
50%
兵庫県483芦屋支店
50%
東京都061駒込支店
50%
東京都325銀座支店
50%
神奈川県259相模原支店
50%
大阪府218吹田支店
50%
愛知県393稲沢支店
50%
神奈川県260大和支店
50%
愛知県214瀬戸支店
50%
東京都618大井支店
50%
岐阜県586多治見支店
50%
静岡県788磐田支店
50%
神奈川県161橋本支店
47%
東京都220吉祥寺支店
47%
奈良県134橿原支店
47%
兵庫県765久留米支店
47%
東京都537五反田支店
47%
愛知県424弥富支店
47%
愛知県344大府支店
47%
大阪府219茨木支店
47%
東京都590調布支店
47%
神奈川県635戸塚支店
47%
静岡県042清水支店
47%
大阪府207八尾支店
47%
神奈川県673横須賀支店
47%
神奈川県375武蔵小杉支店
47%
愛知県482豊川支店
47%
愛知県412知立支店
47%
神奈川県785平塚支店
47%
東京都171大塚支店
47%
東京都082錦糸町支店
47%
東京都115大森支店
47%
愛知県323小牧支店
44%
東京都156阿佐ヶ谷支店
44%
愛知県547津島支店
44%
東京都206小岩支店
44%
兵庫県 | 愛知県213春日井支店
44%
大阪府056あびこ支店
44%
東京都175王子支店
44%
神奈川県261茅ヶ崎支店
44%
東京都336浅草支店
44%
愛知県305常滑支店
44%
大阪府088寝屋川支店
44%
東京都223小金井支店
44%
東京都245多摩支店
44%
東京都178赤羽支店
44%
東京都558浜松町支店
44%
東京都596亀有支店
44%
東京都770巣鴨支店
44%
東京都168田無支店
44%
東京都339亀戸支店
44%
東京都130世田谷支店
41%
東京都166千住支店
41%
東京都641目白支店
41%
愛知県693大曽根支店
41%
東京都591多摩センター支店
41%
東京都225府中支店
41%
東京都081押上支店
41%
神奈川県215新横浜支店
41%
神奈川県409海老名支店
41%
東京都627原宿支店
41%
神奈川県258登戸支店
41%
東京都053高田馬場支店
41%
兵庫県479西宮支店
41%
東京都664飯田橋支店
41%
愛知県440半田支店
41%
福岡県465蒲郡支店
41%
山口県604徳山支店
41%
山口県498宇部支店
41%
大阪府780岸和田支店
41%
東京都243国立支店
41%
大阪府593豊中支店
41%
大阪府016鶴橋支店
38%
東京都744新小岩支店
38%
東京都045六本木支店
38%
愛知県221名古屋駅前支店
38%
大阪府797守口支店
38%
兵庫県462三宮支店
38%
東京都377金町支店
38%
東京都157荻窪支店
38%
埼玉県435狭山支店
38%
東京都609赤坂支店
38%
神奈川県255鎌倉支店
38%
東京都608青山支店
38%
東京都127下北沢支店
38%
愛知県745日進支店
38%
東京都614葛西支店
38%
大阪府572門真支店
38%
東京都364大久保支店
38%
東京都357大井町支店
38%
愛知県549新城支店
38%
東京都014市ヶ谷支店
38%
神奈川県628逗子支店
34%
東京都118羽田支店
34%
埼玉県606入間支店
34%
愛知県587武豊支店
34%
東京都043田町支店
34%
東京都025築地支店
34%
大阪府790池田支店
34%
東京都126昭島支店
34%
愛知県800岩倉支店
34%
東京都136恵比寿支店
34%
神奈川県262上大岡支店
34%
東京都241保谷支店
34%
東京都464武蔵境支店
34%
岐阜県786中津川支店
34%
東京都051四谷支店
34%
神奈川県707厚木支店
34%
大阪府068十三支店
34%
愛知県267鶴舞支店
34%
神奈川県709金沢文庫支店
34%
千葉県279鎌ヶ谷支店
34%
東京都794自由が丘支店
34%
東京都767相模大野支店
34%
神奈川県075新百合ヶ丘支店
31%
東京都155高円寺支店
31%
千葉県272八幡支店
31%
愛知県311東海支店
31%
兵庫県517さんだ支店
31%
大阪府209松原支店
31%
東京都700三軒茶屋支店
31%
奈良県280大和郡山支店
31%
和歌山県491田辺支店
31%
愛知県234蟹江支店
31%
東京都351本郷支店
31%
大阪府210和泉支店
31%
神奈川県509湘南台支店
31%
愛知県796尾張旭支店
31%
愛知県416碧南支店
31%
愛知県449西尾支店
28%
東京都316福生支店
28%
愛知県372枇杷島支店
28%
愛知県769守山支店
28%
埼玉県723蓮田支店
28%
東京都002丸の内支店
28%
大阪府028淡路支店
28%
大阪府710泉佐野支店
28%
東京都330日比谷支店
28%
東京都069浅草橋支店
28%
千葉県484成田空港支店
28%
埼玉県298坂戸支店
28%
千葉県612八千代支店
28%
神奈川県124東戸塚支店
28%
東京都354葛飾支店
28%
愛知県467田原支店
28%
東京都041虎ノ門支店
25%
東京都350大泉支店
25%
東京都544聖蹟桜ヶ丘支店
25%
埼玉県121南浦和支店
25%
大阪府019谷町支店
25%
大阪府829摂津支店
25%
京都府506出町支店
25%
愛知県266八事支店
25%
東京都570麻布支店
25%
大阪府031心斎橋支店
25%
東京都152東中野支店
25%
東京都138笹塚支店
25%
東京都617高島平支店
25%
神奈川県640綱島支店
25%
大阪府533天満支店
25%
東京都643中目黒支店
25%
神奈川県672二俣川支店
25%
東京都748西荻窪支店
25%
愛知県660中村支店
25%
東京都326月島支店
25%
神奈川県265本厚木支店
22%
神奈川県629たまプラーザ支店
22%
神奈川県702中山支店
22%
千葉県285行徳支店
22%
愛知県212勝川支店
22%
神奈川県613鷺沼支店
22%
愛知県281栄町支店
22%
神奈川県307港南台支店
22%
愛知県756豊明支店
22%
東京都516二子玉川支店
22%
愛知県670本山支店
22%
東京都154白金支店
22%
東京都187大山支店
22%
埼玉県685東松山支店
22%
愛知県559知多支店
22%
北海道327札幌中央支店
22%
東京都137代々木上原支店
22%
愛知県418三好支店
22%
東京都335上石神井支店
22%
愛知県263今池支店
22%
大阪府054九条支店
22%
宮城県320仙台中央支店
22%
奈良県455大和高田支店
22%
東京都133表参道支店
22%
大阪府766富田林支店
22%
神奈川県251横浜駅前支店
19%
埼玉県289西川口支店
19%
東京都013神保町支店
19%
東京都052神楽坂支店
19%
愛知県237西春支店
19%
大阪府717箕面支店
19%
東京都360三河島支店
19%
東京都132成城支店
19%
東京都616麹町支店
19%
東京都661竹ノ塚支店
19%
大阪府211藤井寺支店
19%
東京都142大泉学園支店
19%
愛知県273鳴海支店
19%
東京都347永福町支店
19%
大阪府247河内長野支店
19%
東京都646西新宿支店
19%
愛知県292名古屋港支店
19%
愛知県757高蔵寺支店
19%
神奈川県728青葉台支店
19%
愛知県414高浜支店
19%
東京都421石神井公園支店
19%
愛知県269堀田支店
16%
大阪府073放出支店
16%
大阪府240千里中央支店
16%
東京都338門前仲町支店
16%
東京都186志村支店
16%
愛知県276星ヶ丘支店
16%
大阪府037天神橋支店
16%
大阪府007玉造支店
16%
千葉県638新松戸支店
16%
東京都105小山支店
16%
静岡県561静岡中央支店
16%
大阪府579交野支店
16%
兵庫県583兵庫支店
16%
愛知県417新瑞橋支店
16%
東京都103千代田支店
16%
東京都149仙川支店
16%
大阪府205堺東支店
16%
大阪府822新大阪支店
16%
愛知県282上前津支店
16%
愛知県216黒川支店
16%
石川県394金沢中央支店
16%
東京都564茗荷谷出張所
16%
千葉県385千葉中央支店
16%
大阪府624関西空港出張所
16%
神奈川県303港北ニュータウン支店
13%
神奈川県370川崎駅前支店
13%
東京都365吉祥寺駅前支店
13%
兵庫県474塚口支店
13%
東京都631西葛西支店
13%
東京都177赤羽駅前支店
13%
東京都762用賀出張所
13%
大阪府030都島支店
13%
愛知県252藤ヶ丘支店
13%
愛知県442国府支店
13%
東京都429船堀支店
13%
大阪府067大阪駅前支店
13%
大阪府046上本町支店
13%
東京都358烏山支店
13%
東京都763王子駅前支店
13%
愛知県217上飯田支店
13%
京都府501京都中央支店
13%
兵庫県820長田支店
13%
東京都055新宿西支店
13%
大阪府011大東支店
13%
神奈川県371横浜中央支店
13%
東京都091経堂支店
13%
愛知県425中部国際空港出張所
13%
神奈川県254元住吉支店
13%
広島県603広島中央支店
9%
兵庫県 | 東京都190江古田支店
9%
東京都060江戸川橋支店
9%
神奈川県529日吉駅前支店
9%
愛知県238小田井支店
9%
東京都657高田馬場駅前支店
9%
福岡県571福岡中央支店
9%
埼玉県290大宮駅前支店
9%
愛知県686徳重支店
9%
東京都647成城学園前支店
9%
東京都010神田駅前支店
9%
愛知県400浄心支店
9%
東京都064赤坂見附支店
9%
香川県620高松中央支店
9%
京都府434京都駅前支店
9%
東京都675国分寺駅前支店
9%
大阪府169塚本支店
9%
東京都348新橋駅前支店
9%
東京都047広尾支店
9%
東京都116池上支店
9%
東京都001本店
9%
東京都623町田駅前支店
9%
東京都038瑞江支店
9%
京都府448洛西出張所
9%
京都府504西院支店
9%
愛知県401名古屋中央支店
9%
三重県450四日市中央支店
9%
東京都174目白駅前支店
9%
東京都355祐天寺支店
9%
東京都568池袋西口支店
9%
東京都362蒲田駅前支店
9%
東京都552中野駅前支店
9%
愛知県697野並支店
9%
愛知県114尾西支店
9%
兵庫県453神戸中央支店
9%
東京都188下赤塚支店
9%
大阪府230大和田支店
6%
愛知県718岡崎駅前支店
6%
東京都682永福町駅前支店
6%
大阪府074江坂支店
6%
東京都567久我山支店
6%
大阪府032上町支店
6%
大阪府070今里支店
6%
愛知県299鳴子支店
6%
大阪府499くずは支店
6%
大阪府447香里支店
6%
大阪府017生野支店
6%
愛知県784有松出張所
6%
大阪府034日本一支店
6%
大阪府066城東支店
6%
大阪府072阿倍野橋支店
6%
東京都666秋葉原駅前支店
6%
東京都512国立駅前支店
6%
大阪府004船場支店
6%
東京都615五反田駅前支店
6%
埼玉県231久米川支店
6%
東京都173池袋東口支店
6%
愛知県095平針支店
6%
大阪府594羽衣支店
6%
愛知県677笹島支店
6%
愛知県192名古屋市役所出張所
6%
東京都798錦糸町駅前支店
6%
愛知県403新名古屋駅前支店
6%
愛知県752植田支店
6%
神奈川県079武蔵小杉駅前支店
6%
東京都528練馬駅前支店
6%
千葉県388船橋駅前支店
6%
東京都129田園調布駅前支店
6%
東京都749新富町支店
6%
東京都353本所支店
6%
東京都162浜田山出張所
6%
東京都589荻窪駅前支店
6%
東京都170西池袋支店
6%
東京都352押上駅前支店
6%
東京都109御堂筋支店
6%
東京都167成瀬支店
6%
東京都104目黒駅前支店
6%
神奈川県378戸塚駅前支店
6%
東京都110自由が丘駅前支店
6%
東京都649中目黒駅前支店
6%
東京都644大森駅前支店
6%
東京都469新宿中央支店
6%
東京都131玉川支店
6%
神奈川県249武蔵新城駅前支店
6%
東京都111都立大学駅前支店
6%
東京都345渋谷中央支店
6%
東京都318荏原支店
6%
東京都140学芸大学駅前支店
6%
東京都522府中駅前支店
6%
東京都176滝野川支店
6%
大阪府541難波駅前支店
3%
大阪府521船場中央支店
3%
大阪府058堂島支店
3%
大阪府236八戸ノ里支店
3%
大阪府574八尾駅前支店
3%
愛知県420三好ヶ丘出張所
3%
愛知県423東刈谷出張所
3%
大阪府018鴻池新田支店
3%
東京都 | 神奈川県346阿佐ケ谷駅前支店
3%
埼玉県510所沢中央支店
3%
東京都147新東京支店
3%
大阪府143四貫島支店
3%
東京都855あけぼの支店
3%
愛知県191愛知県庁出張所
3%
愛知県663六番町支店
3%
愛知県224柳橋支店
3%
東京都024銀座通支店
3%
東京都727和光駅前支店
3%
埼玉県724草加駅前支店
3%
東京都814めいげつ支店
3%
大阪府575高槻駅前支店
3%
東京都128久我山駅前支店
3%
東京都158西荻窪駅前支店
3%
大阪府092中之島支店
3%
東京都153野方支店
3%
大阪府573茨木駅前支店
3%
東京都554船堀駅前支店
3%
大阪府451泉ケ丘支店
3%
大阪府003瓦町支店
3%
東京都777くすのき支店
3%
大阪府432豊中駅前支店
3%
東京都086深川支店
3%
東京都366武蔵境駅前支店
3%
大阪府048針中野支店
3%
東京都525三鷹中央支店
3%
東京都849あさぎり支店
3%
大阪府026枚岡支店
3%
京都府436東寺支店
3%
東京都226八王子中央支店
3%
大阪府071玉出支店
3%
東京都443向島支店
3%
大阪府520大阪中央支店
3%
東京都119長原支店
3%
埼玉県380志木駅前支店
3%
岡山県601岡山駅前支店
3%
東京都648志村坂上支店
3%
神奈川県242宮崎台支店
3%
東京都146あかね支店
3%
東京都193駒沢大学駅前支店
3%
愛知県297高畑支店
3%
神奈川県089青葉台駅前支店
3%
東京都065上野中央支店
3%
東京都063千駄木支店
3%
愛知県772柴田支店
3%
奈良県427富雄出張所
3%
埼玉県294越谷駅前支店
3%
神奈川県256平塚駅前支店
3%
東京都548田無駅前支店
3%
千葉県607浦安駅前支店
3%
東京都592立川中央支店
3%
千葉県312五香支店
3%
埼玉県391春日部駅前支店
3%
東京都194相模大野駅前支店
3%
東京都148竹橋支店
3%
愛知県286尾頭橋支店
3%
東京都503亀有駅前支店
3%
愛知県203大津町支店
3%
兵庫県487逆瀬川出張所
3%
大阪府083新大阪駅前支店
3%
愛知県408豊田南支店
3%
愛知県 | 神奈川県308大倉山支店
3%
愛知県150名古屋営業部
3%
兵庫県 | 東京都185新板橋支店
3%
神奈川県304金沢文庫駅前支店
3%
東京都642下赤塚駅前支店
3%
東京都871ききょう支店
3%
千葉県799市川駅前支店
3%
兵庫県481夙川支店
3%
東京都125練馬平和台支店
0%
大阪府204中央市場支店
0%
兵庫県580尼崎駅前支店
0%
東京都760きさらぎ支店
0%
東京都332虎ノ門中央支店
0%
東京都144関西中央支店
0%
東京都368世田谷上町支店
0%
東京都804きよなみ支店
0%
大阪府021寺田町支店
0%
大阪府057築港支店
0%
東京都343中野駅南口支店
0%
東京都610東恵比寿支店
0%
東京都868すいせい支店
0%
東京都514都立大学駅北支店
0%
東京都807はつはる支店
0%
東京都085亀戸北口支店
0%
大阪府789大正橋支店
0%
東京都422新丸の内支店
0%
大阪府577千里中央駅前支店
0%
兵庫県489岡本駅前支店
0%
東京都475第二リテールアカウント支店
0%
東京都872はるかぜ支店
0%
兵庫県473杭瀬支店
0%
東京都967バンクイック振込支店
0%
大阪府 | 東京都076平野南口支店
0%
東京都758ひいらぎ支店
0%
東京都622練馬光が丘支店
0%
東京都324京橋中央支店
0%
大阪府039天六支店
0%
東京都862すずかぜ支店
0%
東京都899東海東京証券振込支店
0%
東京都831ニコス振込支店
0%
東京都869なつぐも支店
0%
東京都634木場深川支店
0%
東京都582キャッスルタウン支店
0%
兵庫県494西明石特別出張所
0%
兵庫県244阪神甲子園出張所
0%
大阪府826東大阪中央支店
0%
東京都321東京営業部
0%
大阪府145阪急梅田北支店
0%
奈良県526学園前北口支店
0%
大阪府029森小路支店
0%
奈良県458近鉄学園前支店
0%
兵庫県492東神戸支店
0%
兵庫県585芦屋北支店
0%
大阪府049萩ノ茶屋支店
0%
東京都160上北沢支店
0%
埼玉県597草加新田支店
0%
東京都102東京為替集中支店
0%
東京都865せいうん支店
0%
東京都333日本橋中央支店
0%
大阪府540西心斎橋支店
0%
東京都678カブドットコム支店
0%
東京都300東京公務部
0%
大阪府456中もず支店
0%
東京都720調布南支店
0%
大阪府824豊中庄内支店
0%
兵庫県584姫路中央支店
0%
東京都349尾山台支店
0%
奈良県457大和王寺支店
0%
大阪府033大阪恵美須支店
0%
東京都172東長崎支店
0%
東京都848しらゆき支店
0%
東京都084青山通支店
0%
東京都851いちょう支店
0%
千葉県387市川八幡支店
0%
愛知県097土古支店
0%
愛知県235中村公園前支店
0%
東京都108大阪為替集中支店
0%
東京都027大伝馬町支店
0%
神奈川県379相模原中央支店
0%
神奈川県309上永谷支店
0%
東京都015麹町中央支店
0%
千葉県274松戸西口支店
0%
愛知県189東海公務部
0%
東京都543本店第一出張所
0%
東京都315東京女子医大出張所
0%
東京都183帝京大病院出張所
0%
東京都611鷹の台出張所
0%
東京都329新宿新都心支店
0%
東京都809わかたけ支店
0%
東京都553リテールアカウント支店
0%
愛知県098汁谷出張所
0%
愛知県519田口特別出張所
0%
東京都050新宿通支店
0%
神奈川県732南藤沢支店
0%
東京都197こはる支店
0%
東京都340四谷三丁目支店
0%
愛知県410北岡崎支店
0%
愛知県683猪子石支店
0%
愛知県833一宮東支店
0%
千葉県275柏中央支店
0%
愛知県278石川橋支店
0%
東京都369雷門支店
0%
愛知県894尾張新川支店
0%
東京都860しおさい支店
0%
東京都802うみかぜ支店
0%
愛知県485宝塚中山支店
0%
千葉県713志津支店
0%
千葉県283新稲毛支店
0%
東京都764インターネット支店
0%
愛知県877公共第二支店
0%
神奈川県500横浜藤が丘支店
0%
神奈川県373横浜白楽支店
0%
神奈川県374横浜西口支店
0%
神奈川県123横浜中山支店
0%
千葉県392津田沼東支店
0%
神奈川県658大山駅前支店
0%
東京都463小松川支店
0%
愛知県738祖父江支店
0%
愛知県268滝子支店
0%
東京都470渋谷明治通支店
0%
愛知県471豊橋南出張所
0%
東京都965ゆうがお支店
0%
大阪府523新大阪北支店
0%
大阪府078上新庄支店
0%
東京都313振込第一支店
0%
大阪府005大阪営業部
0%
東京都196振込集中錦支店
0%
愛知県792内田橋支店
0%
大阪府825大阪京橋支店
0%
大阪府100大阪公務部
0%
大阪府545大阪西支店
0%
大阪府077大阪ポートタウン支店
0%
大阪府787大美野支店
0%
東京都753ブラデスコ支店
0%
大阪府556北畠支店
0%
大阪府530梅田中央支店
0%
東京都879ふうげつ支店
0%
東京都232日野豊田支店
0%
大阪府527京阪京橋支店
0%
大阪府239光明池支店
0%
東京都246日野市役所支店
0%
大阪府415小阪支店
0%
大阪府576堺駅前支店
0%
東京都755ビジネスアカウント支店
0%
大阪府036信濃橋支店
0%
東京都319東松原支店
0%
大阪府578江坂駅前支店
0%
大阪府040梅田新道支店
0%
東京都805やまびこ支店
0%
千葉県486成田空港第2ビル出張所
0%
東京都022八重洲通支店
0%
東京都430室町支店
0%
三重県538大山田出張所
0%
京都府112宇治大久保支店
0%
埼玉県296新座志木支店
0%
京都府445聖護院支店
0%
東京都873三菱UFJMS証券支店
0%
京都府441西陣支店
0%
京都府864西七条支店
0%
京都府446東向日町支店
0%
東京都883岡三証券振込支店
0%
東京都181振込第三支店
0%
東京都867みかづき支店
0%
大阪府555阿倍野橋西支店
0%
東京都080本所中央支店
0%
東京都322堀留支店
0%
大阪府087茨木西支店
0%
大阪府551今里北支店
0%
東京都847振込用カブドットコム支店
0%
東京都182振込第四支店
0%
東京都317振込第二支店
0%
大阪府542上六支店
0%
大阪府006歌島橋支店
0%
東京都195千住中央支店
0%

Score Distribution

Percentile by Number Answered

Percent of People with Each Score

Your Score History

You have not taken this quiz